| 000 | 00981cam a22002771 4500 | ||
|---|---|---|---|
| 001 | sa 68000314 | ||
| 003 | DLC | ||
| 005 | 20260227112422.0 | ||
| 008 | 900209s1967 ii 000 0 sano | ||
| 010 | _asa 68000314 | ||
| 035 | _a(OCoLC)21028006 | ||
| 040 |
_aDLC _cWaU _dDLC |
||
| 050 | 0 | 0 |
_aPK531 _b.A1 1967 |
| 100 | 0 | _aPatañjali. | |
| 245 | 1 | 0 | _aŚrīmadbhagavatpatañjalimaharṣipraṇīte Vyākaraṇamahābhāṣye prathamaḥ-[tr̥tīyaḥ] khaṇḍaḥ. |
| 260 | _c[1967] | ||
| 300 |
_a3 v. _c23 cm. |
||
| 500 | _aIn Sanskrit. | ||
| 500 | _a"Published under the auspices of the Govt. of India." | ||
| 650 | 0 |
_aSanskrit language _xGrammar. |
|
| 700 | 0 |
_aPāṇini. _tAṣṭādhyāyī. |
|
| 700 | 0 |
_aKaiyaṭa. _tPradīpa. |
|
| 700 | 0 | 2 |
_aNāgeśabhaṭṭa, _dactive 1670-1750. _tBhāsyapradīpoddyota. |
| 700 | 0 | 2 |
_aVaidyanātha Pāyaguṇḍe, _dactive 18th century. _tChāyā. |
| 740 | 0 | _aVyākaraṇamahābhāṣye prathamaḥ-[tr̥tīyaḥ] khaṇḍaḥ. | |
| 999 |
_c77117 _d77117 |
||